Statystyki dla Państwa z największą i najmniejszą ilością sąsiadów

Kliknij tutaj aby rozwiązać quiz!

Ogólne statystyki

  • Ten quiz został rozwiązany 90 razy
  • Średni wynik to 25 z 37

Statystyki odpowiedzi

Liczba
sąsiadów
Państwo% Poprawnych
13Chiny
96%
7Polska
96%
14Rosja
96%
9Niemcy
90%
8Francja
88%
10Brazylia
83%
1Watykan
79%
1Lesotho
78%
1San Marino
78%
9Demokratyczna
Republika Konga
77%
1Irlandia
76%
1Wielka Brytania
76%
1Kanada
74%
7Ukraina
73%
1Portugalia
72%
1Haiti
70%
1Dania
68%
7Iran
68%
8Serbia
68%
1Dominikana
67%
1Monako
67%
8Turcja
67%
1Korea południowa
66%
7Węgry
65%
1Timor wschodni
63%
7Niger
61%
7Mali
57%
1Katar
56%
1Papua nowa gwinea
56%
7Arabia Saudyjska
55%
1Brunei
55%
7Sudan
52%
8Austria
51%
1Gambia
50%
1Singapur
48%
8Tanzania
46%
8Zambia
43%

Rozkład punktacji

Percentyl według liczby udzielonych odpowiedzi

Procent ludzi z każdym wynikiem

Twoja historia wyników

Nie rozwiązałeś tego quizu